[Event "2014 SPFGI"]
[Site "?"]
[Date "2014.07.12"]
[Round "1"]
[White "Pemsler, Carmen"]
[Black "Buxbaum, Talia"]
[Result "1-0"]
[WhiteElo "1608"]
[BlackElo "913"]
[PlyCount "127"]

1. d4 d5 2. c4 e6 3. Nc3 Nf6 4. Bg5 Be7 5. Nf3 O-O 6. e3 b6 7. Bd3 Bb7 8. O-O
Nbd7 9. cxd5 exd5 10. Qc2 c5 11. dxc5 bxc5 12. Rfd1 c4 13. Be2 Nb6 14. Nd4 Rc8
15. Bf3 h6 16. Bh4 Re8 17. Rd2 Qd7 18. Bg3 Rcd8 19. Rad1 Bc5 20. a3 Bxd4 21.
Rxd4 a6 22. e4 Qc6 23. e5 Nh7 24. Qd2 Re7 25. Nxd5 Nxd5 26. Bxd5 Rxd5 27. Rxd5
Qxd5 28. Qxd5 Bxd5 29. Rxd5 Kf8 30. h4 f6 31. Rc5 fxe5 32. Bxe5 Nf6 33. Bd6 Kf7
34. Bxe7 Kxe7 35. Rxc4 Kd7 36. Kf1 g5 37. hxg5 hxg5 38. Ke2 Kd6 39. Ra4 Kc5 40.
Rxa6 Ne4 41. f3 Ng3+ 42. Kf2 Nh1+ 43. Kg1 Ng3 44. Ra5+ Kc4 45. Rxg5 Ne2+ 46.
Kf2 Nc1 47. Ke3 Kb3 48. Rb5+ Ka2 49. Kd2 Nb3+ 50. Rxb3 Kxb3 51. f4 Kc4 52. a4
Kb4 53. f5 Kxa4 54. f6 Kb4 55. f7 Ka4 56. f8=Q Kb5 57. Qc8 Kb4 58. Kd3 Kb5 59.
Kd4 Kb4 60. Qc4+ Ka5 61. Qb3 Ka6 62. Kc5 Ka7 63. Kc6 Ka8 64. Qb7# 1-0

[Event "2014 SPFGI"]
[Site "?"]
[Date "2014.07.15"]
[Round "6"]
[White "Botez, Andrea"]
[Black "Calora, Lauren Mei"]
[Result "1-0"]
[WhiteElo "1551"]
[BlackElo "1193"]
[PlyCount "93"]

1. d4 d5 2. Nf3 Nc6 3. e3 Bg4 4. h3 Bh5 5. c4 e6 6. Nc3 Nf6 7. Bd3 Be7 8. O-O
Qd7 9. a3 O-O 10. cxd5 exd5 11. Be2 Qe6 12. Ng5 Qf5 13. Bxh5 Qxg5 14. Bf3 Qf5
15. Qb3 Rfd8 16. Qxb7 Qd7 17. Qb3 Na5 18. Qb5 Qxb5 19. Nxb5 Bd6 20. Nxd6 cxd6
21. b4 Nb3 22. Rb1 Nxc1 23. Rfxc1 h5 24. a4 g5 25. b5 g4 26. hxg4 hxg4 27. Be2
Ne4 28. Bxg4 Nd2 29. Rb4 a5 30. bxa6 Rxa6 31. Rc2 Nc4 32. Bf3 Na3 33. Rc3 Kg7
34. Rxa3 Rc6 35. Ra1 Kf6 36. Bxd5 Rc2 37. a5 Kf5 38. a6 Rdc8 39. a7 Rc1+ 40.
Rxc1 Rxc1+ 41. Kh2 Rc2 42. a8=Q Rxf2 43. e4+ Kf4 44. Rb3 Rd2 45. Rf3+ Kg4 46.
Qg8+ Kh4 47. Rh3# 1-0

[Event "2014 SPFGI"]
[Site "?"]
[Date "2014.07.15"]
[Round "6"]
[White "Cherepakhin, Olga"]
[Black "Pandey, Ritika"]
[Result "1-0"]
[WhiteElo "1687"]
[BlackElo "1576"]
[PlyCount "153"]

1. e4 e5 2. Nf3 Nc6 3. Bb5 a6 4. Ba4 Nf6 5. O-O Be7 6. Re1 b5 7. Bb3 O-O 8. c3
d5 9. d3 Bg4 10. h3 Bh5 11. Nbd2 dxe4 12. dxe4 Na5 13. Bc2 Bd6 14. Nf1 Qe7 15.
Ng3 Bg6 16. Nh4 Rfd8 17. Nhf5 Qe6 18. Qf3 Bf8 19. Bg5 Kh8 20. h4 h6 21. Nxh6
Nc4 22. Bb3 Kh7 23. Bxf6 Qxf6 24. Qxf6 gxf6 25. Bxc4 Bxh6 26. Bd5 Rac8 27. h5
c6 28. hxg6+ fxg6 29. Bb3 Rd2 30. Re2 Rcd8 31. Rxd2 Rxd2 32. Rd1 Rxb2 33. Rd7+
Bg7 34. Rd3 a5 35. Bf7 c5 36. Nf1 c4 37. Rd2 Rb1 38. g3 Bh6 39. Rc2 Kg7 40. Bd5
f5 41. Kg2 Kf6 42. Nd2 Bxd2 43. Rxd2 Kg5 44. Re2 Kf6 45. f4 fxe4 46. fxe5+ Kxe5
47. Bxe4 Rc1 48. Bxg6+ Kf6 49. Rc2 Re1 50. Bh5 Kg5 51. g4 b4 52. cxb4 axb4 53.
Rxc4 Re2+ 54. Kf3 Rxa2 55. Rxb4 Ra3+ 56. Ke4 Ra5 57. Rd4 Kf6 58. Rd6+ Ke7 59.
Rd5 Ra4+ 60. Kf5 Ra1 61. g5 Rf1+ 62. Kg6 Rh1 63. Rf5 Ke6 64. Rf2 Ke7 65. Kh6
Rc1 66. g6 Rc6 67. Rf5 Ke8 68. Kh7 Rc7+ 69. Rf7 Rxf7+ 70. gxf7+ Kf8 71. Kg6 Ke7
72. Kg7 Ke6 73. f8=Q Ke5 74. Qd8 Ke4 75. Qd6 Kf5 76. Bf3 Kg5 77. Qf6# 1-0

[Event "Vancouver Open"]
[Site "Vancouver, WA"]
[Date "2014.08.09"]
[Round "1"]
[White "Pupols, Viktors"]
[Black "O'Connell, Sean"]
[Result "0-1"]
[WhiteElo "2200"]
[BlackElo "1841"]
[PlyCount "91"]
[EventDate "2014.??.??"]

1. Nf3 d6 2. d4 g6 3. c4 Bg7 4. Nc3 e5 5. Bg5 f6 6. Bh4 Nc6 7. e4 Nh6 8. h3 O-O
9. d5 Ne7 10. g4 Nf7 11. Bd3 Bd7 12. Nd2 c6 13. Qb3 cxd5 14. cxd5 b5 15. Bxb5
Rb8 16. Qa4 Bxb5 17. Nxb5 Qb6 18. Na3 Qxb2 19. Rb1 Qc3 20. Rxb8 Rxb8 21. Qxa7
Rb2 22. Nac4 Rb1+ 23. Ke2 Rxh1 24. Qxe7 Rxh3 25. Bg3 Qb4 26. Qe8+ Bf8 27. a4
Rh1 28. a5 Rc1 29. Nb6 Rc2 30. Nd7 Qxd2+ 31. Kf1 Rc1+ 32. Kg2 Qh6 33. Bh2 Qg7
34. a6 Ng5 35. a7 Ra1 36. a8=Q Rxa8 37. Qxa8 Qxd7 38. f3 Qb5 39. Qa2 Qd3 40.
Qf2 Be7 41. Bg3 Bd8 42. Bh4 Bb6 43. Qxb6 Qxf3+ 44. Kg1 Qxg4+ 45. Kf1 Qxh4 46.
Qxd6 0-1

[Event "2014 WA Championship (Championship)"]
[Site "Seattle, WA"]
[Date "2014.02.14"]
[Round "3"]
[White "Feng, Roland"]
[Black "Sang, Tian"]
[Result "0-1"]
[WhiteElo "2245"]
[BlackElo "2330"]
[PlyCount "70"]
[EventDate "2014.02.08"]
[EventType "tourn"]
[EventRounds "10"]
[EventCountry "USA"]

1. d4 Nf6 2. c4 e6 3. Nc3 Bb4 4. Qc2 O-O 5. a3 Bxc3+ 6. Qxc3 b6 7. Nf3 Bb7 8.
e3 d6 9. Bd3 Nbd7 10. b4 Qe7 11. Bb2 Ne4 12. Qc2 f5 13. O-O a5 14. Nd2 Nxd2 15.
Qxd2 e5 16. d5 c6 17. f4 cxd5 18. cxd5 axb4 19. axb4 Rxa1 20. Rxa1 exf4 21.
exf4 Nf6 22. Ra7 Ra8 23. Bxf6 Qxf6 24. Rxb7 Qd4+ 25. Kf1 Ra1+ 26. Ke2 Rg1 27.
Rb8+ Kf7 28. Kf3 g5 29. Rb7+ Kg8 30. Re7 Rf1+ 31. Kg3 gxf4+ 32. Kh3 Qf6 33.
Re8+ Kf7 34. Re6 Qg5 35. Qe2 Qg3+ 0-1

[Event "2014 WA Championship (Premier)"]
[Site "Seattle, WA"]
[Date "2014.02.08"]
[Round "2"]
[White "Schill II, William J"]
[Black "Lee, Megan"]
[Result "1/2-1/2"]
[WhiteElo "2200"]
[BlackElo "2114"]
[PlyCount "71"]
[EventDate "2014.02.08"]
[EventType "tourn"]
[EventRounds "10"]
[EventCountry "USA"]

1. e4 e5 2. Nf3 Nc6 3. Bb5 a6 4. Ba4 Nf6 5. O-O b5 6. Bb3 Be7 7. Re1 O-O 8. h3
d6 9. c3 Nb8 10. d4 Nbd7 11. Nbd2 Bb7 12. Bc2 Re8 13. Nf1 Bf8 14. Ng3 g6 15. b3
Rc8 16. a4 c6 17. Bb2 Bg7 18. Qd2 Qe7 19. Bd3 h6 20. c4 exd4 21. axb5 axb5 22.
Ra7 bxc4 23. Bxc4 Ne5 24. Nxd4 Nxc4 25. bxc4 Rc7 26. Ra3 Qf8 27. Ngf5 Nxe4 28.
Nxg7 Nxd2 29. Rxe8 Nxc4 30. Rxf8+ Kxf8 31. Nge6+ fxe6 32. Nxe6+ Ke7 33. Nxc7
Nxa3 34. Bxa3 Kd7 35. Ne8 Kxe8 36. Bxd6 1/2-1/2

[Event "Oregon Open"]
[Site "Portland, OR"]
[Date "2014.08.31"]
[Round "3"]
[White "He, Daniel"]
[Black "Lampman, Becca"]
[Result "1/2-1/2"]
[WhiteElo "2221"]
[BlackElo "2073"]
[PlyCount "44"]
[EventDate "2014.08.30"]

1. c4 g6 2. g3 Bg7 3. Bg2 e5 4. Nc3 d6 5. d3 f5 6. Nf3 Nf6 7. O-O O-O 8. Rb1 a5
9. a3 c6 10. b4 axb4 11. axb4 Qe7 12. b5 e4 13. Ne1 Be6 14. Nc2 d5 15. cxd5
cxd5 16. Nd4 Bf7 17. Bb2 Nbd7 18. Ra1 Qb4 19. Na4 Rfc8 20. Qb3 Qxb3 21. Nxb3
Ne8 22. Bxg7 -- 1/2-1/2

[Event "Oregon Open"]
[Site "Portland, OR"]
[Date "2014.09.01"]
[Round "6"]
[White "Grabinsky, Aaron"]
[Black "Lampman, Becca"]
[Result "1/2-1/2"]
[WhiteElo "2269"]
[BlackElo "2073"]
[PlyCount "141"]
[EventDate "2014.08.30"]

1. e4 c5 2. Nc3 e6 3. f4 a6 4. g3 d5 5. Bg2 Nf6 6. e5 Nfd7 7. Nf3 Nc6 8. O-O
Be7 9. d3 O-O 10. Qe2 Re8 11. Re1 f5 12. exf6 Nxf6 13. Ne5 Nd4 14. Qd1 Bd6 15.
Ne2 Nxe2+ 16. Qxe2 Qc7 17. c3 Bxe5 18. Qxe5 Qxe5 19. Rxe5 Bd7 20. Bd2 Rac8 21.
Rae1 c4 22. d4 Kf7 23. Bf3 Bc6 24. g4 Ne4 25. Re2 g6 26. Be1 Kg7 27. h4 Kf7 28.
Rg2 Nd6 29. Bd1 Rg8 30. Rh2 Rge8 31. h5 Rh8 32. Bc2 Ne4 33. Kg2 Rcg8 34. Kf3
Nf6 35. h6 Re8 36. Bh4 Ne4 37. Kg2 Rhf8 38. Kh3 Kg8 39. Bg3 Kf7 40. Rh1 Kg8 41.
Rf1 Nd2 42. Rf2 Ne4 43. Bxe4 dxe4 44. b3 cxb3 45. axb3 Rf7 46. c4 Rd8 47. Rd2
Rfd7 48. Bf2 Kf7 49. Be3 Rd6 50. Kh4 Re8 51. Rf2 Rdd8 52. Kg3 Rd6 53. Kg2 Rdd8
54. Kf1 b5 55. Rc5 Rc8 56. Ra2 bxc4 57. Rxa6 Bd5 58. Ra7+ Kg8 59. bxc4 Bxc4+
60. Kf2 Bd5 61. Kg3 Rf8 62. Rg7+ Kh8 63. f5 gxf5 64. Bf4 Rxc5 65. dxc5 Rg8 66.
Rc7 Rxg4+ 67. Kh3 Kg8 68. Be3 e5 69. c6 Rg6 70. Rc8+ Kf7 71. Rc7+ 1/2-1/2

[Event "Oregon Open"]
[Site "Portland, OR"]
[Date "2014.09.01"]
[Round "5"]
[White "Caluza, Severo"]
[Black "Austin, Jeff Jack"]
[Result "0-1"]
[WhiteElo "1883"]
[BlackElo "1691"]
[PlyCount "68"]
[EventDate "2014.08.30"]

1. e4 e6 2. d4 d5 3. Nc3 Nf6 4. Bg5 Be7 5. e5 Nfd7 6. Bf4 c5 7. Nf3 Nc6 8. Nb5
O-O 9. c3 Qa5 10. dxc5 f6 11. b4 Qd8 12. exf6 Nxf6 13. Bd3 Ne4 14. Bc7 Qd7 15.
Bxe4 a6 16. Qc2 dxe4 17. Rd1 Nxb4 18. cxb4 Qxb5 19. Qxe4 a5 20. Bxa5 Bxc5 21.
Qd3 Bxb4+ 22. Bxb4 Qxb4+ 23. Qd2 Qc4 24. Qd3 Qxa2 25. O-O Qb2 26. Ng5 g6 27.
Rde1 Qf6 28. Ne4 Qf5 29. Qd2 Qd5 30. Qh6 b6 31. Ng5 Ra7 32. Rd1 Qf5 33. Rd2 Qf4
34. Rfd1 Qxd2 0-1

[Event "Oregon Open"]
[Site "Portland, OR"]
[Date "2014.09.17"]
[Round "6"]
[White "Surak, Steve S"]
[Black "Austin, Jeff Jack"]
[Result "0-1"]
[WhiteElo "1900"]
[BlackElo "1691"]
[PlyCount "92"]
[EventDate "2014.08.30"]

1. e4 e6 2. Qe2 Be7 3. Nf3 d5 4. d3 c5 5. g3 Nf6 6. Bg2 O-O 7. O-O Nc6 8. e5
Nd7 9. c4 b6 10. cxd5 exd5 11. e6 Nf6 12. exf7+ Rxf7 13. Ng5 Nd4 14. Qd1 Rf8
15. Be3 Ng4 16. Nf3 Nxf3+ 17. Bxf3 Nxe3 18. fxe3 Bh3 19. Re1 Bg5 20. Bg4 Bxe3+
21. Rxe3 Rf1+ 22. Qxf1 Bxf1 23. Kxf1 Qf6+ 24. Ke2 Qxb2+ 25. Nd2 Qxa1 26. Be6+
Kh8 27. Bxd5 Rf8 28. Nf3 h6 29. Re7 Qb2+ 30. Ke3 Rxf3+ 31. Bxf3 Qxh2 32. Re8+
Kh7 33. Be4+ g6 34. Re7+ Kg8 35. Kf4 Qf2+ 36. Kg4 Qxa2 37. Bxg6 Qd2 38. Bh7+
Kh8 39. Rxa7 Qg5+ 40. Kf3 b5 41. Be4 b4 42. Rb7 Kg8 43. g4 Kf8 44. Rb6 Qc1 45.
Bf5 b3 46. Rc6 Qh1+ 0-1

[Event "Oregon Open"]
[Site "Portland, OR"]
[Date "2014.08.31"]
[Round "4"]
[White "Lampman, Becca"]
[Black "Pupols, Viktor"]
[Result "1-0"]
[WhiteElo "2073"]
[BlackElo "2200"]
[PlyCount "149"]
[EventDate "2014.08.30"]

1. d4 d5 2. c4 e6 3. Nc3 Nf6 4. cxd5 exd5 5. Bg5 Be7 6. e3 c6 7. Qc2 Bg4 8. Bd3
Bh5 9. Nge2 Bg6 10. O-O Nbd7 11. f3 Bxd3 12. Qxd3 O-O 13. Rad1 Ne8 14. Bxe7
Qxe7 15. e4 Nb6 16. b3 Nc7 17. Ng3 Rfd8 18. e5 c5 19. Nf5 Qf8 20. Nd6 cxd4 21.
Qxd4 Ne6 22. Qg4 Rxd6 23. exd6 Qxd6 24. Kh1 Qe5 25. Na4 h5 26. Qb4 Nxa4 27.
Qxa4 d4 28. Qd7 b6 29. Rfe1 Qf6 30. Qd5 Rc8 31. Qxh5 Rc2 32. Rc1 d3 33. Rcd1 d2
34. Rf1 Nf4 35. Qg4 Rxa2 36. Qd7 Ne6 37. Rxd2 Ra1 38. Rxa1 Qxa1+ 39. Rd1 Qa3
40. Qe8+ Nf8 41. Qa4 Qe7 42. h3 g6 43. Ra1 a5 44. Qc6 Qd8 45. Re1 Ne6 46. f4
Qd2 47. Rf1 Nd4 48. Qxb6 Nf5 49. Qf2 Qc3 50. Kh2 Qxb3 51. Qf3 Qb4 52. Ra1 Kh7
53. Ra2 a4 54. Qf2 Kg7 55. Qb2+ Qxb2 56. Rxb2 Ne3 57. Ra2 Nd5 58. Rxa4 Kf6 59.
g4 Nc3 60. Ra6+ Ke7 61. Kg2 Nd5 62. Kf3 Kf8 63. h4 Kg7 64. Rd6 Nf6 65. Rxf6
Kxf6 66. Ke4 Ke6 67. f5+ Kf6 68. g5+ Kg7 69. Ke5 gxf5 70. Kxf5 Kg8 71. Kf6 Kf8
72. h5 Kg8 73. h6 Kh7 74. Kxf7 Kh8 75. h7 1-0